[Event "Botvinnik 100th Open"]
[Site "St Petersburg RUS"]
[Date "2011.08.14"]
[Round "3"]
[White "Azimova, Karina"]
[Black "Pasiev, Rakhim"]
[Result "0-1"]
[BlackTitle "FM"]
[WhiteElo "2087"]
[BlackElo "2313"]
[WhiteFideId "4108310"]
[BlackFideId "24122475"]
[EventDate "2011.08.12"]

1. e4 d6 2. Nf3 g6 3. g3 Bg7 4. Bg2 Nf6 5. d3 c5 6. O-O Nc6 7. Nbd2 O-O 8. Re1
Qc7 9. c3 d5 10. Qc2 e6 11. Nb3 dxe4 12. dxe4 b6 13. Bf4 e5 14. Bg5 h6 15. Bxf6
Bxf6 16. Rad1 Be6 17. Nbd2 Bg7 18. Nh4 Rad8 19. Nf1 Rxd1 20. Rxd1 Rd8 21. Rxd8+
Qxd8 22. Ne3 Bf6 23. Nf3 Ne7 24. b3 b5 25. Ne1 Bg5 26. Qe2 b4 27. cxb4 cxb4 28.
Nd3 Bxe3 29. Qxe3 Qa5 30. Qd2 Nc6 31. h3 Bc8 32. Kh2 Ba6 33. Nc1 Qc5 34. f4 Nd4
35. fxe5 h5 36. e6 Nxe6 37. Ne2 Bxe2 38. Qxe2 h4 39. Qd3 Qe5 40. Qe3 a5 41. Qd3
Kg7 42. Qe3 Kh7 43. Qd3 Nd4 44. Qf1 Qxg3+ 45. Kh1 Kg7 46. Qc4 Qe1+ 47. Kh2 Ne2 0-1

[Event "Botvinnik 100th Open"]
[Site "St Petersburg RUS"]
[Date "2011.08.14"]
[Round "3"]
[White "Atlas, Eduard"]
[Black "Kurilov, Viktor"]
[Result "0-1"]
[WhiteElo "2069"]
[BlackElo "2312"]
[WhiteFideId "24111767"]
[BlackFideId "4157303"]
[EventDate "2011.08.12"]

1. e4 e5 2. Bc4 Nf6 3. d3 Bc5 4. Nf3 d6 5. h3 O-O 6. c3 c6 7. Bb3 Bb6 8. Bg5
Nbd7 9. Nbd2 Nc5 10. Bc2 Ne6 11. Bh4 Nf4 12. Rg1 Ng6 13. Bg5 h6 14. Be3 d5 15.
Nf1 Bxe3 16. Nxe3 Qb6 17. Rb1 dxe4 18. dxe4 Be6 19. a4 a5 20. b3 Rfd8 21. Qc1
Qc5 22. Qb2 b5 23. b4 Qa7 24. axb5 cxb5 25. bxa5 Qxa5 26. Qb4 Qc7 27. h4 Nf4 28.
g3 Nd3+ 29. Bxd3 Rxd3 30. Ke2 Rxc3 31. Nd2 Rd8 32. Rgd1 Kh7 33. Ke1 Rc5 34. Nb3
Rxd1+ 35. Rxd1 Bxb3 36. Qxb3 Rc1 37. Nd5 Qc4 38. Nxf6+ gxf6 39. Qxc4 Rxc4 40. f3
Rc2 41. Rb1 Rg2 42. g4 Rg1+ 0-1

[Event "Botvinnik 100th Open"]
[Site "St Petersburg RUS"]
[Date "2011.08.14"]
[Round "3"]
[White "Kopasov, Evgeny"]
[Black "Ivkina, Olga"]
[Result "0-1"]
[BlackTitle "WIM"]
[WhiteElo "2064"]
[BlackElo "2294"]
[WhiteFideId "4181239"]
[BlackFideId "4156820"]
[EventDate "2011.08.12"]

1. d4 Nf6 2. c4 g6 3. Nc3 Bg7 4. e4 d6 5. f3 O-O 6. Be3 a6 7. Qd2 Nc6 8. Nge2
Rb8 9. Rc1 Bd7 10. Nd1 e5 11. d5 Ne7 12. Nf2 Ne8 13. g3 f5 14. Bg2 b5 15. c5
dxc5 16. Bxc5 Nd6 17. b3 b4 18. Bxb4 fxe4 19. fxe4 Rxf2 20. Kxf2 Qf8+ 21. Ke1
Bh6 22. Qc3 Bxc1 23. Qxc1 Rxb4 24. Qxc7 Nxe4 25. Bxe4 Rxe4 26. Qxd7 Qf3 27. Qe8+
Kg7 28. Qxe7+ Kh6 29. Qh4+ Rxh4 30. Rf1 Qxd5 31. gxh4 e4 32. Kf2 Qd2 33. Rc1
Qxa2 34. Rc3 Qa1 35. Re3 Qh1 36. Kg3 g5 37. hxg5+ Kxg5 38. Nf4 Qc1 39. Ng2 Kf5
40. h3 Qb2 41. Nh4+ Ke5 42. Nf3+ Kd5 43. Ng5 Qc1 44. Kf4 h6 45. Ne6 Qf1+ 46. Kg3
Qg1+ 0-1

[Event "Botvinnik 100th Open"]
[Site "St Petersburg RUS"]
[Date "2011.08.14"]
[Round "3"]
[White "Abuladze, Lana"]
[Black "Turikov, Viktor"]
[Result "0-1"]
[WhiteTitle "WFM"]
[BlackTitle "FM"]
[WhiteElo "2048"]
[BlackElo "2291"]
[WhiteFideId "24111210"]
[BlackFideId "4107810"]
[EventDate "2011.08.12"]

1. e4 d6 2. d4 Nf6 3. Bd3 e5 4. dxe5 dxe5 5. Nf3 Nbd7 6. Nc3 c6 7. h3 Bc5 8. Ne2
O-O 9. g4 Re8 10. Ng3 Nf8 11. O-O Ng6 12. Kg2 Qc7 13. Re1 Nd7 14. Nf5 Ndf8 15.
Be3 Ne6 16. Bc4 Bf8 17. Bxe6 Bxe6 18. Qc1 b6 19. N3h4 f6 20. Nxg6 hxg6 21. Ng3
Rad8 22. Rd1 Qf7 23. Rxd8 Rxd8 24. Qe1 Qd7 25. a4 c5 26. a5 b5 27. Qe2 a6 28.
Qe1 b4 29. Qe2 Qd6 30. Nf1 f5 31. Bg5 Rd7 32. exf5 gxf5 33. gxf5 Bxf5 34. Ng3
Bg6 35. Qc4+ Qd5+ 36. Qxd5+ Rxd5 37. c3 c4 38. cxb4 Bxb4 39. Ra4 Rb5 40. Bd8 Bc2
41. Ra2 Bd6 42. Bg5 Kf7 43. Nf1 Be4+ 44. Kg1 Bd5 45. Ne3 Be6 46. Ra4 Rb4 47.
Rxb4 Bxb4 48. Bd8 Bc5 49. Bb6 Bd4 50. Bxd4 exd4 51. Nc2 d3 52. Ne3 d2 53. f4
Bxh3 54. Kf2 Bg4 0-1

[Event "Botvinnik 100th Open"]
[Site "St Petersburg RUS"]
[Date "2011.08.14"]
[Round "3"]
[White "Tarasova, Viktoriya"]
[Black "Kuzmin, Egor"]
[Result "1-0"]
[WhiteTitle "WIM"]
[WhiteElo "2290"]
[BlackElo "2033"]
[WhiteFideId "4175840"]
[BlackFideId "24101737"]
[EventDate "2011.08.12"]

1. d4 d5 2. c4 c6 3. Nf3 Nf6 4. Nc3 e6 5. Bg5 dxc4 6. e4 b5 7. e5 h6 8. Bh4 g5
9. Nxg5 hxg5 10. Bxg5 Be7 11. exf6 Bxf6 12. Be3 Bb7 13. a4 a6 14. Ne4 Be7 15.
Nc5 Qc7 16. Qg4 Nd7 17. Bf4 Qa5+ 18. Bd2 Qc7 19. Nxb7 Qxb7 20. Be2 Nf6 21. Qf3
Nd5 22. axb5 cxb5 23. O-O Rc8 24. Rac1 Rc6 25. h3 Qc7 26. Bd1 Rh4 27. Be3 Bf6
28. g4 Qb6 29. Qg3 Rh8 30. Bf3 Qc7 31. Qg2 Rd6 32. Rfe1 Kd8 33. Be4 Rd7 34. Qf3
Bh4 35. Bxd5 Rxd5 36. b3 Be7 37. bxc4 bxc4 38. Bf4 Bd6 39. Bxd6 1-0

[Event "Botvinnik 100th Open"]
[Site "St Petersburg RUS"]
[Date "2011.08.14"]
[Round "3"]
[White "Kharchenko, Daniil"]
[Black "Orlov, Oleg"]
[Result "0-1"]
[WhiteElo "1938"]
[BlackElo "2290"]
[WhiteFideId "24101664"]
[BlackFideId "4166612"]
[EventDate "2011.08.12"]

1. e4 c5 2. Nf3 e6 3. c4 Nc6 4. Nc3 Nf6 5. Be2 d5 6. exd5 exd5 7. d4 Be6 8. cxd5
Nxd5 9. O-O Be7 10. dxc5 Nxc3 11. bxc3 Bxc5 12. Ng5 Bf5 13. Qb3 O-O 14. Qxb7 Qf6
15. Qb5 Bb6 16. Ba3 Rfb8 17. Qa4 Re8 18. Bf3 Bd7 19. Ne4 Qg6 20. Nd6 Nd4 21. Qd1
Nxf3+ 22. Qxf3 Red8 23. Qe4 Qg5 24. Rad1 Be6 25. Nc4 Bd5 26. Be7 f6 27. h4 Qh5
28. g4 Qf7 29. Qe1 Bxc4 30. Bxd8 Bxd8 31. Qe4 Rc8 32. Rfe1 Bb6 33. Qf5 Rc5 34.
Rd8+ Bxd8 35. Qxc5 Bxa2 36. Qc6 Kf8 37. Qc5+ Be7 38. Qxa7 Bd5 39. Qb8+ Qe8 40.
Qc7 Kf7 41. c4 Be6 42. g5 Qa4 43. gxf6 gxf6 44. Rc1 Qa3 45. Qf4 Bd6 46. Qh6 Bf5
47. Qh5+ Bg6 48. Qd5+ Kg7 49. Rd1 Bc5 50. Qd7+ Kh6 51. Qg4 Qa7 52. Qf4+ Kg7 53.
Qg3 Kh6 54. Qf4+ Kg7 55. Qg3 Kh6 56. Qf4+ Kg7 57. Qg3 Kf7 58. Qf3 Qa3 59. Qb7+
Be7 60. Qd5+ Kg7 61. Re1 Bc5 62. Qd7+ Kh6 63. Qg4 Bd6 64. Re3 Qa1+ 65. Kg2 Qa8+
66. Kg1 Be5 67. c5 Bf7 68. Re1 Qa5 69. Rc1 Qa3 70. Rd1 Bh5 0-1

[Event "Botvinnik 100th Open"]
[Site "St Petersburg RUS"]
[Date "2011.08.14"]
[Round "3"]
[White "Nuretdinov, Igor"]
[Black "Bezulenko, Evgeny"]
[Result "1-0"]
[WhiteElo "2276"]
[BlackElo "1928"]
[WhiteFideId "14700085"]
[BlackFideId "24105996"]
[EventDate "2011.08.12"]

1. d4 g6 2. c4 Bg7 3. g3 Nf6 4. Bg2 d6 5. Nf3 Nbd7 6. Nc3 c5 7. d5 Ng4 8. O-O
O-O 9. Qc2 Nde5 10. Nd2 h5 11. h3 Nh6 12. f4 Nd7 13. Nf3 Nf5 14. Kh2 Nd4 15. Qd3
Nf6 16. e3 Nf5 17. e4 Nd4 18. Be3 Qb6 19. b3 Bd7 20. Rad1 Nxf3+ 21. Bxf3 Qa5 22.
Bd2 Ne8 23. Rde1 Bxc3 24. Qxc3 Qxc3 25. Bxc3 Ng7 26. g4 hxg4 27. hxg4 f6 28. Kg3
e5 29. dxe6 Bxe6 30. f5 gxf5 31. exf5 Bd7 32. Bd5+ Rf7 33. Re7 1-0

[Event "Botvinnik 100th Open"]
[Site "St Petersburg RUS"]
[Date "2011.08.14"]
[Round "3"]
[White "Solovyov, Viktor"]
[Black "Fedoseeva, Valentina"]
[Result "1-0"]
[WhiteElo "2264"]
[BlackElo "1885"]
[WhiteFideId "4102754"]
[BlackFideId "4169875"]
[EventDate "2011.08.12"]

1. Nf3 Nf6 2. c4 e6 3. g3 b6 4. Bg2 Bb7 5. O-O c5 6. Nc3 Nc6 7. Re1 Be7 8. e4 d6
9. d4 Nxd4 10. Nxd4 cxd4 11. Qxd4 O-O 12. Qd2 Qc7 13. b3 Rfd8 14. Ba3 Bf8 15.
Qb2 d5 16. Bxf8 Kxf8 17. cxd5 exd5 18. e5 Ng4 19. Nb5 Qe7 20. Nd4 Rac8 21. e6
Kg8 22. Nf5 Qg5 23. exf7+ Kf8 24. Nd4 Kxf7 25. Ne6 Qh6 26. Nxd8+ Rxd8 27. h3 Nf6
28. Qe5 Rd7 29. Rac1 Qd2 30. Qe2 Qxe2 31. Rxe2 Ne4 32. Bxe4 dxe4 33. Rec2 Ke7
34. Rc7 Bd5 35. Kf1 Be6 36. h4 g6 37. Ke2 Bf5 38. Ke3 Kd8 39. Rxd7+ Kxd7 40. Kf4
h5 41. Ke5 a5 42. Rc4 1-0

[Event "Botvinnik 100th Open"]
[Site "St Petersburg RUS"]
[Date "2011.08.14"]
[Round "3"]
[White "Shirokov, Alexander"]
[Black "Korchmar, Vasiliy"]
[Result "0-1"]
[WhiteElo "1888"]
[BlackElo "2262"]
[WhiteFideId "24178071"]
[BlackFideId "24131750"]
[EventDate "2011.08.12"]

1. d4 Nf6 2. Nf3 g6 3. b3 Bg7 4. Bb2 O-O 5. g3 c5 6. c4 cxd4 7. Nxd4 d5 8. Nd2
Qa5 9. Qc1 dxc4 10. Bc3 Qd5 11. e4 Qd8 12. e5 Nd5 13. Nxc4 b5 14. Nxb5 Nxc3 15.
Nxc3 Bb7 16. Rg1 Nc6 17. Bg2 Nxe5 18. Nxe5 Bxg2 19. Qe3 Bb7 20. f4 Rc8 21. Kf2
Qa5 22. Rac1 Rfd8 23. Rge1 e6 24. Ne2 Bf8 25. Rxc8 Rxc8 26. Nd7 Be7 27. Qe5 Qd2
28. Nf6+ Bxf6 29. Qxf6 Qd5 30. Rg1 Qf3+ 0-1

[Event "Botvinnik 100th Open"]
[Site "St Petersburg RUS"]
[Date "2011.08.14"]
[Round "3"]
[White "Usmanov, Vasily"]
[Black "Chuprova, Irina"]
[Result "1-0"]
[WhiteElo "2260"]
[BlackElo "1866"]
[WhiteFideId "4135741"]
[BlackFideId "24138584"]
[EventDate "2011.08.12"]

1. e4 c5 2. Ne2 d5 3. exd5 Qxd5 4. Nbc3 Qd8 5. d4 cxd4 6. Qxd4 Nd7 7. Bf4 f6 8.
Qa4 e5 9. Be3 Ne7 10. O-O-O Nf5 11. Ng3 Nxe3 12. fxe3 g6 13. Bb5 Be7 14. Rxd7
Bxd7 15. Rd1 Bxb5 16. Rxd8+ Rxd8 17. Qxb5+ Kf7 18. Nd5 Rhe8 19. Ne4 Rxd5 20.
Qxd5+ Kg7 21. Qe6 1-0

[Event "Botvinnik 100th Open"]
[Site "St Petersburg RUS"]
[Date "2011.08.14"]
[Round "3"]
[White "Semenova, Irina"]
[Black "Klimentiev, Sergey"]
[Result "1/2-1/2"]
[WhiteTitle "WGM"]
[WhiteElo "2241"]
[BlackElo "1698"]
[WhiteFideId "4118367"]
[BlackFideId "24155896"]
[EventDate "2011.08.12"]

1. e4 c5 2. Nf3 d6 3. d4 cxd4 4. Nxd4 Nf6 5. Nc3 e6 6. Be3 a6 7. a4 b6 8. Bd3
Bb7 9. O-O Nbd7 10. f3 Be7 11. Qe1 O-O 12. Rd1 Ne5 13. Be2 Rc8 14. Kh1 Re8 15.
Bc1 Qc7 16. f4 Nc6 17. Nxc6 Qxc6 18. Bf3 Qc7 19. e5 Nd5 20. Nxd5 Bxd5 21. Bxd5
exd5 22. c3 Bf6 23. Rxd5 dxe5 24. Qd1 exf4 25. Bxf4 Qc4 26. Qf3 Rc6 27. h3 Qxa4
28. Be3 Rce6 29. Bg1 Qc2 30. Rf2 Qb1 31. Rd1 Qa2 32. Qb7 h6 33. Rfd2 a5 34. Qc7
Qb3 35. Rf1 Qb5 36. Rfd1 Re1 37. Qd7 Qxd7 38. Rxd7 a4 39. g3 b5 40. R1d2 Bg5 41.
Rg2 Rb1 42. Kh2 Ree1 43. Rd3 Kh7 44. h4 Be7 45. Re3 Rxe3 46. Bxe3 a3 47. bxa3
Bxa3 48. Rf2 f6 49. Rf5 Rb3 50. Bd4 Bb2 51. Rc5 b4 52. Rb5 Ba1 53. Kh3 Bxc3 54.
Bxc3 Rxc3 55. Rxb4 h5 56. Ra4 Kh6 57. Rb4 g5 58. hxg5+ Kxg5 59. Ra4 Rf3 60. Kg2
Re3 61. Rb4 f5 62. Ra4 Re4 63. Ra8 Rg4 64. Kf3 Kf6 65. Ra6+ Kg5 66. Ra8 Kg6 67.
Ra6+ Kf7 68. Rh6 Ke7 69. Rxh5 Ke6 70. Rh6+ Ke5 71. Ra6 Kd5 72. Ra5+ Ke6 1/2-1/2

[Event "Botvinnik 100th Open"]
[Site "St Petersburg RUS"]
[Date "2011.08.14"]
[Round "3"]
[White "Zakharov, Yuri"]
[Black "Nikitinyh, Boris"]
[Result "0-1"]
[WhiteElo "1878"]
[BlackElo "2234"]
[WhiteFideId "4166620"]
[BlackFideId "4198328"]
[EventDate "2011.08.12"]

1. Nf3 Nf6 2. g3 d6 3. Bg2 e5 4. d3 Be7 5. e4 O-O 6. O-O Nc6 7. b3 h6 8. Bb2 Nh7
9. Nc3 Qe8 10. Nd5 Bd8 11. Ne3 Ng5 12. Nxg5 hxg5 13. c3 g6 14. d4 Kg7 15. d5 Nb8
16. c4 Rh8 17. g4 a5 18. Rc1 Na6 19. a3 b5 20. cxb5 Qxb5 21. a4 Qe8 22. Ba3 Rh4
23. Rc3 Rb8 24. h3 Nb4 25. Re1 Ba6 26. Nc4 Na2 27. Rg3 Bxc4 28. bxc4 Nb4 29. Bf1
c6 30. Rc3 Bb6 31. c5 Bxc5 32. Rxc5 dxc5 33. dxc6 Qxc6 34. Bb2 Qf6 35. Qc1 Nc6
36. Re3 Nd4 37. Ba3 Rhh8 38. Qxc5 Rhc8 39. Qxa5 Rb1 40. Bc5 Rb2 0-1

[Event "Botvinnik 100th Open"]
[Site "St Petersburg RUS"]
[Date "2011.08.14"]
[Round "3"]
[White "Tugarin, Anton"]
[Black "Saduakassova, Dinara"]
[Result "1/2-1/2"]
[BlackTitle "WFM"]
[WhiteElo "1976"]
[BlackElo "2244"]
[WhiteFideId "24151246"]
[BlackFideId "13700090"]
[EventDate "2011.08.12"]

1. Nf3 Nf6 2. c4 g6 3. Nc3 Bg7 4. g3 O-O 5. Bg2 d6 6. d4 Nbd7 7. O-O e5 8. e4 c6
9. h3 Qe7 10. Re1 Rd8 11. Be3 a6 12. d5 c5 13. Qc2 Rb8 14. a3 Ne8 15. b4 b6 16.
Rab1 Bb7 17. bxc5 bxc5 18. Nd2 Nf8 19. Rb6 Qc7 20. Reb1 Nd7 21. R6b2 Bc8 22.
Rxb8 Nxb8 23. Na4 Nd7 24. Nb3 Bb7 25. Bd2 Rb8 26. Na5 Bf6 27. Nxb7 Rxb7 28. h4
h5 29. Bh3 Bd8 30. Kg2 Qb8 31. Rxb7 Qxb7 32. Qb2 Qxb2 33. Nxb2 Nef6 34. f3 Kg7
35. Kf2 Nb8 36. Ke2 Nfd7 37. Kd3 f6 38. Kc2 Kf7 39. Nd3 Kg7 40. Nc1 Kf7 41. Nb3
Ke7 42. Na5 Nb6 43. Kb3 Bc7 44. Nb7 N8d7 45. Ba5 Nf8 46. Bxb6 Bxb6 47. Ka4 1/2-1/2

[Event "Botvinnik 100th Open"]
[Site "St Petersburg RUS"]
[Date "2011.08.14"]
[Round "3"]
[White "Opanasenko, Mikhail"]
[Black "Lupik, Marina"]
[Result "1-0"]
[BlackTitle "WIM"]
[WhiteElo "2017"]
[BlackElo "2212"]
[WhiteFideId "24176834"]
[BlackFideId "4177495"]
[EventDate "2011.08.12"]

1. e4 c5 2. Nf3 d6 3. d4 cxd4 4. Qxd4 a6 5. Bg5 Nc6 6. Qd2 Nf6 7. Nc3 h6 8. Bxf6
gxf6 9. O-O-O e6 10. Kb1 b5 11. Nd4 Qb6 12. Nxc6 Qxc6 13. Bd3 Bb7 14. Rhe1 O-O-O
15. Qf4 Be7 16. Ne2 d5 17. f3 d4 18. Rc1 e5 19. Qh4 Qe6 20. Qf2 Kb8 21. Ng3 Bc8
22. Nf5 Bc5 23. Qe2 Qb6 24. Red1 Be6 25. Ng7 Bd7 26. f4 Rdg8 27. Nf5 Be6 28. Qd2
h5 29. g3 Rc8 30. Nh4 Bf8 31. Rf1 Bc4 32. Rcd1 Qe6 33. a3 Qb6 34. Nf3 b4 35. a4
b3 36. Bxc4 Rxc4 37. cxb3 Qxb3 38. Qd3 Qxa4 39. fxe5 Bh6 40. Nxd4 fxe5 41. Nf5
Bf8 42. b3 Rb4 43. Qd8+ Kb7 44. Rd7+ Kc6 45. Qc7+ 1-0

[Event "Botvinnik 100th Open"]
[Site "St Petersburg RUS"]
[Date "2011.08.14"]
[Round "3"]
[White "Vunder, Yakov"]
[Black "Senkevich, Konstantin"]
[Result "1-0"]
[WhiteElo "2212"]
[BlackElo "2020"]
[WhiteFideId "4161955"]
[BlackFideId "4192389"]
[EventDate "2011.08.12"]

1. c4 e5 2. g3 f5 3. Bg2 Nf6 4. Nc3 g6 5. e3 Bg7 6. Nge2 O-O 7. O-O Nc6 8. d3 d6
9. Rb1 a5 10. a3 Be6 11. Nd5 Qd7 12. Nec3 Rab8 13. Qa4 Ra8 14. Bd2 Nh5 15. f4 h6
16. Qb5 Rab8 17. Ne2 exf4 18. Nexf4 Nxf4 19. Nxf4 Bf7 20. Bxa5 g5 21. Nd5 Rfc8
22. Bc3 Bg6 23. Bxg7 Qxg7 24. Qb3 Kh7 25. Qc3 Ne5 26. e4 Rf8 27. exf5 Rxf5 28.
Be4 Rxf1+ 29. Rxf1 Bxe4 30. dxe4 g4 31. Rf4 b6 32. Nf6+ Kh8 33. Nxg4 Nxg4 34.
Qxg7+ Kxg7 35. Rxg4+ Kf6 36. Kf2 b5 37. cxb5 Rxb5 38. Rf4+ Ke6 39. b4 Rb7 40.
Rf5 c6 41. Ke3 d5 42. Rh5 Ra7 43. exd5+ cxd5 44. Kd4 Rxa3 45. Rxh6+ Kd7 46. Kxd5 1-0

[Event "Botvinnik 100th Open"]
[Site "St Petersburg RUS"]
[Date "2011.08.14"]
[Round "3"]
[White "Babaev, David"]
[Black "Kharmunova, Nadejda"]
[Result "0-1"]
[BlackTitle "WFM"]
[WhiteElo "1846"]
[BlackElo "2181"]
[WhiteFideId "4161408"]
[BlackFideId "4195876"]
[EventDate "2011.08.12"]

1. e4 c5 2. Nf3 Nc6 3. d4 cxd4 4. Nxd4 Qb6 5. Nb3 Nf6 6. Nc3 e6 7. Bd3 a6 8. Qe2
Qc7 9. Bg5 Be7 10. O-O-O b5 11. f4 h6 12. e5 hxg5 13. exf6 Qxf4+ 14. Kb1 Bxf6
15. Rhf1 Qe5 16. Qf3 Bb7 17. Rde1 Nd8 18. Be4 Bxe4 19. Rxe4 Qxh2 20. Nd5 Rh6 21.
Rd1 Nc6 22. Nc5 Rd8 23. Nb6 Nd4 24. Qa3 Qxg2 25. Rde1 Qxc2+ 26. Ka1 Qxe4 0-1

[Event "Botvinnik 100th Open"]
[Site "St Petersburg RUS"]
[Date "2011.08.14"]
[Round "3"]
[White "Eryshkanova, Anastasiya"]
[Black "Khatenever, Feliks"]
[Result "1/2-1/2"]
[WhiteTitle "WFM"]
[WhiteElo "2122"]
[BlackElo "1849"]
[WhiteFideId "24119059"]
[BlackFideId "4131800"]
[EventDate "2011.08.12"]

1. e4 e6 2. d4 d5 3. exd5 exd5 4. Nf3 Nf6 5. Bd3 Be7 6. h3 Nbd7 7. O-O Ne4 8.
Re1 f5 9. c4 c6 10. cxd5 cxd5 11. Nc3 Ndf6 12. Bf4 O-O 13. Nb5 Bd7 14. Qb3 Bxb5
15. Qxb5 Qd7 16. Ne5 Qxb5 17. Bxb5 Bb4 18. Re2 g5 19. Nd3 gxf4 20. Nxb4 Kh8 21.
f3 Nd6 22. Bd3 a5 23. Nc2 Rae8 24. Rae1 Rxe2 25. Rxe2 Re8 26. Rxe8+ Nfxe8 27.
Na3 Nc7 28. Kf2 Kg7 29. Ke2 Kf6 30. Nc2 b5 31. b3 b4 32. a3 bxa3 33. Nxa3 h6 34.
Nb1 Ne6 35. Kd2 Nxd4 36. Kc3 N6b5+ 37. Bxb5 Nxb5+ 38. Kd3 Ke5 39. Nd2 Nd4 40.
Kc3 Ne6 41. Kd3 Nf8 42. Nb1 Ng6 43. Na3 Nh4 44. Nb5 Nxg2 45. Nd4 Ne1+ 46. Kc3
Nxf3 47. Nxf3+ Ke4 48. Nh4 f3 49. Kd2 d4 50. Ke1 d3 51. Ng6 Ke3 52. Ne5 d2+ 53.
Kd1 h5 54. Nc4+ Kd3 55. Nxd2 f2 56. Nf1 f4 57. h4 f3 58. Nd2 Kc3 59. Kc1 Kd3 60.
Kd1 Ke3 61. Nf1+ Kd3 62. Nd2 Kc3 63. Kc1 f1=Q+ 64. Nxf1 f2 65. Nd2 Kd3 66. Kd1
Ke3 67. Nf1+ Kd3 1/2-1/2

[Event "Botvinnik 100th Open"]
[Site "St Petersburg RUS"]
[Date "2011.08.14"]
[Round "3"]
[White "Monin, Nikolay"]
[Black "Safronov, Kirill"]
[Result "1-0"]
[WhiteTitle "IM"]
[WhiteElo "2403"]
[BlackElo "1942"]
[WhiteFideId "4104013"]
[BlackFideId "24141976"]
[EventDate "2011.08.12"]

1. e4 c6 2. d4 d5 3. f3 Qb6 4. Nc3 dxe4 5. fxe4 e5 6. Nf3 Bg4 7. Bc4 Nd7 8.
Bxf7+ Ke7 9. Bb3 Ngf6 10. Be3 Ke8 11. Qd3 Bxf3 12. gxf3 Qc7 13. O-O-O b5 14. d5
a6 15. d6 Qb7 16. Rhg1 Rd8 17. f4 Qb8 18. Rg5 h6 19. Rxe5+ Nxe5 20. fxe5 Nd7 21.
e6 Ne5 22. d7+ Ke7 23. Bc5+ Kf6 24. Qf1+ 1-0

[Event "Botvinnik 100th Open"]
[Site "St Petersburg RUS"]
[Date "2011.08.14"]
[Round "3"]
[White "Lagashin, Pavel"]
[Black "Novikov, Mikhael Ivanovich"]
[Result "1/2-1/2"]
[WhiteElo "2178"]
[BlackElo "1926"]
[WhiteFideId "24132144"]
[BlackFideId "24128708"]
[EventDate "2011.08.12"]

1. d4 d5 2. c4 e6 3. Nf3 Nf6 4. g3 Bb4+ 5. Bd2 Be7 6. Bg2 O-O 7. O-O Nbd7 8. Qc2
Ne4 9. cxd5 exd5 10. Bf4 c6 11. Nc3 Ndf6 12. Ne5 Bf5 13. g4 Nxc3 14. gxf5 Nb5
15. Rad1 Nh5 16. Bg3 Qa5 17. a4 Nxg3 18. fxg3 Nd6 19. f6 Bd8 20. e4 dxe4 21.
Bxe4 Nxe4 22. Qxe4 Bxf6 23. Rxf6 gxf6 24. Nd7 Qg5 25. Qe7 Rfe8 26. Nxf6+ Kh8 27.
Qxf7 Qe3+ 28. Kg2 Qe2+ 29. Kh3 Qe6+ 30. Qxe6 Rxe6 31. Nd7 Re2 32. b3 Rd8 33. Nc5
b6 34. Na6 Re3 35. Rc1 Rxd4 36. Rxc6 Rd7 37. Rc8+ Kg7 38. Nb8 Rf7 39. b4 Ra3 40.
a5 bxa5 41. bxa5 Rxa5 42. Nc6 Ra3 43. Ne5 Rb7 44. Ng4 Ra2 45. Rc5 a5 46. Rg5+
Kf7 47. Rh5 Kg6 48. Kh4 Rab2 49. Rxa5 R2b5 50. Ra6+ R7b6 51. Rxb6+ Rxb6 52. Kh3
Re6 53. Nf2 Re2 54. Nd3 Kg5 55. Nf4 Re7 1/2-1/2

[Event "Botvinnik 100th Open"]
[Site "St Petersburg RUS"]
[Date "2011.08.14"]
[Round "3"]
[White "Fokin, Anatoly"]
[Black "Butuc, Maria"]
[Result "0-1"]
[BlackTitle "WIM"]
[WhiteElo "1855"]
[BlackElo "2172"]
[WhiteFideId "24124451"]
[BlackFideId "13902911"]
[EventDate "2011.08.12"]

1. d4 d5 2. c4 c6 3. Nf3 Nf6 4. Nc3 dxc4 5. e3 b5 6. a4 b4 7. Na2 e6 8. Bxc4 Be7
9. O-O O-O 10. Bd2 a5 11. Nc1 Nbd7 12. Nb3 Bb7 13. Qe2 c5 14. Rfd1 Qb6 15. Be1
Rfc8 16. Nfd2 e5 17. dxe5 Nxe5 18. Bb5 Qe6 19. f3 Bd5 20. Bg3 h6 21. Bxe5 Qxe5
22. Nc4 Bxc4 23. Bxc4 Bd6 24. g3 Re8 25. Rd3 h5 26. Rad1 Bc7 27. Qf2 Rad8 28. e4
Rxd3 29. Rxd3 h4 30. Kg2 hxg3 31. hxg3 Re7 32. Re3 g5 33. Re2 Nh5 34. Rd2 Nxg3
35. Rd5 Qf6 36. Nxc5 Nh5 37. Rf5 Nf4+ 38. Kf1 Qh6 39. Qg1 Qh3+ 40. Kf2 Qxf5 41.
exf5 Nh3+ 42. Kg2 Nxg1 43. Ne4 Bb6 44. Kg3 Bd4 45. b3 Kg7 46. Nxg5 Ne2+ 47. Kg4
Nc3 48. Nh3 Be3 49. f4 f6 50. Kf3 Bc5 51. Be6 Re8 52. Nf2 Bxf2 53. Kxf2 0-1

[Event "Botvinnik 100th Open"]
[Site "St Petersburg RUS"]
[Date "2011.08.14"]
[Round "3"]
[White "Bivol, Alina"]
[Black "Boychuk, Evgeny"]
[Result "1/2-1/2"]
[WhiteTitle "WFM"]
[WhiteElo "2171"]
[BlackElo "1889"]
[WhiteFideId "4100123"]
[BlackFideId "24155624"]
[EventDate "2011.08.12"]

1. d4 d5 2. e3 Nf6 3. f4 Bg4 4. Nf3 e6 5. Bd3 c5 6. c3 Ne4 7. Qa4+ Nd7 8. Ne5
Nf6 9. Bb5 Bf5 10. c4 a6 11. Bxd7+ Nxd7 12. dxc5 Bxc5 13. b4 Bd6 14. Nd2 Bxe5
15. fxe5 dxc4 16. e4 b5 17. Qa3 Bg6 18. Qg3 Nb6 19. Bb2 Na4 20. Bc3 Nxc3 21.
Qxc3 Qg5 22. h4 Qg4 23. Qf3 Qxf3 24. gxf3 Bh5 25. Ke2 f6 26. Rhg1 Kf7 27. exf6
gxf6 28. e5 Bg6 29. exf6 Kxf6 30. a4 Bc2 31. axb5 axb5 32. Rxa8 Rxa8 33. Rg5 e5
34. f4 Re8 35. fxe5+ Rxe5+ 36. Rxe5 Kxe5 37. Nf3+ Ke4 38. Ng5+ Kf4 39. Kd2 Bf5
40. Nf7 Kg3 41. h5 Kh4 42. h6 Kh5 43. Nd6 Bd7 44. Nf7 Bc6 45. Ke3 Bb7 46. Nd6
Ba6 47. Ne8 Bc8 1/2-1/2

[Event "Botvinnik 100th Open"]
[Site "St Petersburg RUS"]
[Date "2011.08.14"]
[Round "3"]
[White "Burkov, German A."]
[Black "Timirev, Sergey"]
[Result "1-0"]
[WhiteElo "2162"]
[BlackElo "1823"]
[WhiteFideId "24132560"]
[BlackFideId "24181676"]
[EventDate "2011.08.12"]

1. d4 f5 2. g3 Nf6 3. Bg2 e6 4. Nf3 d5 5. Nbd2 Bd6 6. c4 c6 7. b3 O-O 8. Bb2
Nbd7 9. e3 Ne4 10. Nxe4 fxe4 11. Nd2 e5 12. O-O exd4 13. exd4 Nf6 14. Qe2 Bg4
15. Qe3 Qd7 16. cxd5 cxd5 17. f3 exf3 18. Nxf3 Bxf3 19. Bxf3 Rac8 20. Rac1 Kh8
21. Rxc8 Rxc8 22. Qd3 Re8 23. Bc1 Ne4 24. Bg2 a6 25. Bf4 Bxf4 26. Rxf4 Qc6 27.
Bxe4 dxe4 28. Qe3 h6 29. h4 Qc2 30. Rf2 Qd1+ 31. Kg2 Qd3 32. Qxd3 exd3 33. Rd2
Rc8 34. Rxd3 Rc2+ 35. Kf3 Rxa2 36. d5 Rc2 37. d6 Rc8 38. d7 Rd8 39. Ke4 Kg8 40.
Ke5 1-0